000 00283nam a22001337a 4500
008 170411b xxu||||| |||| 00| 0 eng d
020 _a9780072922110
041 _aeng
080 _a612.39
100 _a9
101 _aSHM
245 _aTAKING SIDES
_cNESTLE, M
942 _2udc
_cBK
999 _c10399
_d10399